LEADER 00952nam0 22002411i 450 001 UON00202850 005 20231205103300.885 100 $a20030730d1971 |0itac50 ba 101 $afre 102 $aFR 105 $a|||| ||||| 200 1 $aˆLe ‰ pouvoir africain$eeléments d'une sociologie politique de l'Afrique Noire et de sa diaspora aux amériques$fJean Ziegler 210 $aParis$cEd. du Seuil$d1971. 227 p. ; 21 cm. 606 $aEtnologia$xAfrica$3UONC018735$2FI 620 $aFR$dParis$3UONL002984 700 1$aZiegler$bJean$3UONV051040$0298981 712 $aÉditions du Seuil$3UONV254259$4650 801 $aIT$bSOL$c20250627$gRICA 899 $aSIBA - SISTEMA BIBLIOTECARIO DI ATENEO$2UONSI 912 $aUON00202850 950 $aSIBA - SISTEMA BIBLIOTECARIO DI ATENEO$dSI A E 0069 $eSI SS 1195 5 0069 996 $aPouvoir africain$9654891 997 $aUNIOR